| 000 | 00618nam a2200217 a 4500 | ||
|---|---|---|---|
| 001 | BRCA_6827 | ||
| 005 | 20190320205616.0 | ||
| 008 | 180412s1951----ho-a######---#000-0#spa-# | ||
| 041 | _aspa | ||
| 044 | _aho | ||
| 050 | 4 |
_aSB409 _b.W54 _c1951 |
|
| 100 | 1 |
_aWilliam, Louis O. _917023 |
|
| 245 | 1 | 0 |
_aThe orchidaceae of Mexico _cLouis O. Williams. |
| 260 |
_aTegucigalpa, Honduras _bCeiba _c1951 |
||
| 300 |
_a321 p. _bil., retratos _c24 cm. |
||
| 440 | 0 |
_aA scientific journal issued by the Escuela Agricola Panamericana _v2 _917024 |
|
| 500 | _aI160 | ||
| 650 | 1 | 4 |
_aOrquÃdeas _97665 |
| 902 | _aGFM | ||
| 942 |
_2lcc _cB |
||
| 999 |
_c6510 _d6510 |
||